000 00994nam a2200253Ia 4500
003 OSt
005 20221005103731.0
006 a|||||r|||| 00| 0
007 ta
008 221004b |||||||| |||| 00| 0 hin d
024 _a108763
037 _cTextual
040 _aCRL
_cCRL
_bhin
041 _2hin
_ahin
082 _aO152,1:gN, M3
100 _aमिश्र ‘मधुप’, श्यामसुन्दर
245 0 _aपरंपरा के परिप्रेक्ष्य में आधुनिक अवधी - काव्य
246 _aParanparā ke pariprekṣhya mean ādhunik avadhī - kāvya
260 _aदिल्ली
_bआत्माराम एण्ड सन्स भारत
_c1983
300 _a335पृ0
_ccm.
650 _aहिन्दी साहित्य
942 _hO152,1:gN, M3
_cTEXL
_2cc
999 _c1010765
_d1010765